000 00301nam a22001337a 4500
008 181009b xxu||||| |||| 00| 0 eng d
020 _a0534122345
041 _aeng
080 _a510
100 _a36
101 _aMAT
245 _aA Transition to Advances Mathematics
_cSmith, D
942 _2udc
_cBK
999 _c49176
_d49176